[Event "North Bay op"]
[Site "North Bay"]
[Date "1998.08.08"]
[Round "8"]
[White "Johnstone, Glenn"]
[Black "Betaneli, Aleksandr"]
[Result "1-0"]
[WhiteElo "2265"]
[BlackElo "2340"]
[PlyCount "113"]
[EventDate "1998.08.??"]
[EventType "swiss"]
[EventRounds "9"]
[EventCountry "CAN"]
[SourceTitle "EXT 1999"]
[Source "ChessBase"]
[SourceDate "1998.11.16"]
[SourceVersion "1"]
[SourceVersionDate "1998.11.16"]
[SourceQuality "1"]

1. e4 d6 2. d4 Nf6 3. Nc3 e5 4. dxe5 dxe5 5. Qxd8+ Kxd8 6. Bg5 Be6 7. 0-0-0+ Nbd7 8. Nf3 Kc8 9. Bd3 Ng4 10. Bh4 f6 11. h3 Nh6 12. Nd2 Bb4 13. Ndb1 c6 14. a3 Be7 15. Nd2 b5 16. f3 Kc7 17. Bf2 a5 18. Ncb1 Bc5 19. Bxc5 Nxc5 20. Nf1 Rhd8 21. Be2 Rxd1+ 22. Bxd1 b4 23. Ne3 b3 24. Be2 bxc2 25. Kxc2 Bb3+ 26. Kc1 Rd8 27. Nd2 a4 28. Bc4 Nd3+ 29. Bxd3 Rxd3 30. Nxb3 Rxb3 31. Nc4 Rb5 32. Kc2 Nf7 33. Rd1 Nd8 34. Kb1 Ne6 35. Ne3 h5 36. Nf5 g6 37. Nd6 Rb8 38. Nc4 Nd4 39. Rd2 Rb3 40. f4 Nb5 41. fxe5 fxe5 42. Nxe5 Nxa3+ 43. Kc1 Rb5 44. Nxg6 Nc4 45. Rc2 Ne3 46. Re2 Rc5+ 47. Kb1 Nc4 48. e5 Rb5 49. Ka2 Kd8 50. e6 Rg5 51. e7+ Ke8 52. Re6 Rxg2 53. Rxc6 Rxb2+ 54. Ka1 Re2 55. Rxc4 Kf7 56. Rc8 a3 57. Rf8+ 1-0

[Event "North Bay op"]
[Site "North Bay"]
[Date "1998.08.06"]
[Round "3"]
[White "Fernandez, D."]
[Black "Johnstone, Glenn"]
[Result "0-1"]
[WhiteElo "2145"]
[BlackElo "2265"]
[PlyCount "84"]
[EventDate "1998.08.??"]
[EventType "swiss"]
[EventRounds "9"]
[EventCountry "CAN"]
[SourceTitle "EXT 1999"]
[Source "ChessBase"]
[SourceDate "1998.11.16"]
[SourceVersion "1"]
[SourceVersionDate "1998.11.16"]
[SourceQuality "1"]

1. e4 e5 2. Nf3 Nc6 3. d4 exd4 4. Nxd4 Bc5 5. Nxc6 bxc6 6. Bc4 Qf6 7. 0-0 Ne7 8. Qh5 d6 9. b4 Bxb4 10. e5 Qg6 11. Qh4 Qg4 12. Qxg4 Bxg4 13. Bb2 d5 14. Bd3 0-0 15. c3 Bc5 16. Nd2 Rfe8 17. Nb3 Bb6 18. c4 Rab8 19. Ba3 dxc4 20. Bxc4 Ng6 21. h3 Nxe5 22. Bxf7+ Kxf7 23. hxg4 Nxg4 24. Nc5 Re2 25. Rad1 Rxa2 26. Rd7+ Kg8 27. Ne6 Kh8 28. Bf8 Bxf2+ 29. Kh1 Rb5 30. Bc5 h5 31. Ng5 Rb8 32. Rfd1 Re2 33. Be7 Rxe7 34. Rxe7 Bc5 35. Re2 Nf2+ 36. Rxf2 Bxf2 37. Rf1 Bg3 38. Ne4 Bd6 39. g3 Kg8 40. Ra1 Re8 41. Ng5 Bxg3 42. Rxa7 Bf4 0-1

[Event "North Bay op"]
[Site "North Bay"]
[Date "1998.08.06"]
[Round "4"]
[White "Johnstone, Glenn"]
[Black "Olszewski, Piotr"]
[Result "1/2-1/2"]
[WhiteElo "2265"]
[BlackElo "2315"]
[PlyCount "80"]
[EventDate "1998.08.??"]
[EventType "swiss"]
[EventRounds "9"]
[EventCountry "CAN"]
[SourceTitle "EXT 1999"]
[Source "ChessBase"]
[SourceDate "1998.11.16"]
[SourceVersion "1"]
[SourceVersionDate "1998.11.16"]
[SourceQuality "1"]

1. e4 c5 2. Nf3 e6 3. c3 d5 4. exd5 Qxd5 5. d4 Nf6 6. Be2 Nc6 7. Be3 cxd4 8. cxd4 Be7 9. Nc3 Qd8 10. 0-0 0-0 11. Qb3 b6 12. Rfd1 Nb4 13. Ne5 Bb7 14. Rac1 Rc8 15. h3 a6 16. a3 Nbd5 17. Bf3 Nxc3 18. bxc3 Bxf3 19. Nxf3 b5 20. a4 Qd5 21. Qb2 Ne4 22. Ne5 Bd6 23. Nd3 Rc4 24. f3 Nf6 25. axb5 axb5 26. Nc5 Qc6 27. Bf2 Nd5 28. Rc2 h6 29. Kf1 Ra8 30. Rb1 b4 31. cxb4 Rxb4 32. Qxb4 Nxb4 33. Rxb4 e5 34. Rbc4 exd4 35. Bxd4 Bg3 36. Ne4 Qb5 37. Kg1 Bf4 38. g3 Bg5 39. Kg2 Rd8 40. h4 Be7 1/2-1/2

[Event "Kingston op"]
[Site "Kingston"]
[Date "1996.02.17"]
[Round "3"]
[White "Johnstone, Glenn"]
[Black "Taylor, Gordon"]
[Result "1-0"]
[WhiteElo "2265"]
[BlackElo "2340"]
[PlyCount "47"]
[EventDate "1996.02.17"]
[EventType "swiss"]
[EventRounds "5"]
[EventCountry "CAN"]
[SourceTitle "EXT 2022"]
[Source "ChessBase"]
[SourceDate "2021.10.06"]
[SourceVersion "1"]
[SourceVersionDate "2021.10.06"]
[SourceQuality "1"]

1. c4 c5 2. Nc3 Nc6 3. Nf3 g6 4. e3 Bg7 5. d4 d6 6. Be2 Bg4 7. 0-0 Nf6 8. d5 Bxf3 9. Bxf3 Ne5 10. Be2 0-0 11. e4 Ned7 12. Be3 Ne8 13. Qd2 a6 14. a3 e5 15. dxe6 fxe6 16. Rad1 Qe7 17. f4 Nb8 18. e5 dxe5 19. Na4 Qc7 20. Bxc5 Rxf4 21. Qd8 Kf7 22. Qxc7+ Nxc7 23. Nb6 Ra7 24. Bd6 1-0

[Event "Montreal op"]
[Site "Montreal"]
[Date "1995.??.??"]
[Round "2"]
[White "Johnstone, Glenn"]
[Black "Djerkovic, Miladin"]
[Result "1/2-1/2"]
[WhiteElo "2295"]
[BlackElo "2215"]
[PlyCount "68"]
[EventDate "1995.09.02"]
[EventType "swiss"]
[EventRounds "5"]
[EventCountry "CAN"]
[SourceTitle "EXT 1997"]
[Source "ChessBase"]
[SourceDate "1996.11.15"]
[SourceVersion "1"]
[SourceVersionDate "1996.11.15"]
[SourceQuality "1"]

1. e4 e5 2. Nf3 Nc6 3. Bc4 Bc5 4. c3 Nf6 5. d4 exd4 6. cxd4 Bb4+ 7. Nc3 Nxe4 8. 0-0 Bxc3 9. d5 Bf6 10. Re1 Ne7 11. Rxe4 d6 12. Bg5 Bxg5 13. Nxg5 h6 14. Qe2 hxg5 15. Re1 Be6 16. dxe6 f6 17. Re3 c6 18. Rh3 Rxh3 19. gxh3 g6 20. Rd1 Qc7 21. Qf3 Nf5 22. Bd3 0-0-0 23. Bxf5 gxf5 24. Qxf5 Qe7 25. Re1 d5 26. h4 gxh4 27. Qg4 d4 28. Qxh4 d3 29. Qg4 d2 30. Rd1 Rd5 31. h4 f5 32. Qe2 Rd6 33. Rxd2 Rxe6 34. Qf3 Re1+ 1/2-1/2

[Event "CAN-ch"]
[Site "Canada"]
[Date "1995.??.??"]
[Round "8"]
[White "Johnstone, Glenn"]
[Black "Kiviaho, Bob"]
[Result "1-0"]
[WhiteElo "2295"]
[BlackElo "2230"]
[PlyCount "81"]
[EventDate "1995.??.??"]
[EventType "tourn"]
[EventRounds "9"]
[EventCountry "CAN"]
[EventCategory "4"]
[SourceTitle "EXT 1997"]
[Source "ChessBase"]
[SourceDate "1996.11.15"]
[SourceVersion "1"]
[SourceVersionDate "1996.11.15"]
[SourceQuality "1"]

1. e4 c5 2. c3 Nf6 3. e5 Nd5 4. Nf3 Nc6 5. d4 cxd4 6. cxd4 d6 7. Bc4 Nb6 8. Bb5 dxe5 9. Bxc6+ bxc6 10. Nxe5 Be6 11. Be3 g6 12. Nc3 Rc8 13. 0-0 Bg7 14. Qf3 Nd5 15. Ne4 Nxe3 16. Qxe3 0-0 17. Nc5 Bd5 18. Rfe1 Re8 19. Rad1 Rb8 20. b3 Qa5 21. h3 Qd8 22. Rd2 f6 23. Nxc6 Bxc6 24. Qe6+ Kh8 25. Qxc6 e5 26. Red1 e4 27. Ne6 Qe7 28. Nxg7 Kxg7 29. d5 Rbc8 30. Qa6 e3 31. Re2 exf2+ 32. Rxf2 Qe5 33. Qxa7+ Re7 34. Qb6 Rec7 35. d6 Rc1 36. Rdf1 Rxf1+ 37. Rxf1 Rc2 38. d7 Rd2 39. d8Q Rxg2+ 40. Kxg2 Qg5+ 41. Kh1 1-0

[Event "Montreal op"]
[Site "Montreal"]
[Date "1995.??.??"]
[Round "4"]
[White "Johnstone, Glenn"]
[Black "Moussa, Alaa Eddine"]
[Result "1-0"]
[WhiteElo "2295"]
[BlackElo "2205"]
[PlyCount "65"]
[EventDate "1995.09.02"]
[EventType "swiss"]
[EventRounds "5"]
[EventCountry "CAN"]
[SourceTitle "EXT 1997"]
[Source "ChessBase"]
[SourceDate "1996.11.15"]
[SourceVersion "1"]
[SourceVersionDate "1996.11.15"]
[SourceQuality "1"]

1. e4 c5 2. c3 e6 3. d4 d5 4. exd5 exd5 5. Nf3 Nc6 6. Be3 cxd4 7. Nxd4 Bd6 8. Nd2 Nf6 9. N2f3 0-0 10. Be2 h6 11. 0-0 Bg4 12. Qc2 Re8 13. Rad1 Rc8 14. h3 Bh5 15. Rfe1 Bg6 16. Qa4 Be4 17. a3 a6 18. Nxc6 Rxc6 19. Qb3 Qe7 20. Nh2 Rc7 21. Nf1 Qd7 22. Bd3 Bxd3 23. Rxd3 Qf5 24. Red1 Rce7 25. R3d2 Kh8 26. Qc2 Qxc2 27. Rxc2 Rc8 28. Bd4 Be5 29. Ne3 Bxd4 30. Rxd4 Re4 31. Rcd2 Kg8 32. Nxd5 Nxd5 33. Rxe4 1-0

[Event "North Bay op"]
[Site "North Bay"]
[Date "1995.??.??"]
[Round "?"]
[White "Johnstone, Glenn"]
[Black "Schleifer, Michael"]
[Result "0-1"]
[WhiteElo "2295"]
[BlackElo "2260"]
[PlyCount "86"]
[EventDate "1995.??.??"]
[EventType "swiss"]
[EventRounds "9"]
[EventCountry "CAN"]
[SourceTitle "EXT 2002"]
[Source "ChessBase"]
[SourceDate "2001.11.25"]
[SourceVersion "1"]
[SourceVersionDate "2001.11.25"]
[SourceQuality "1"]

1. e4 g6 2. d4 Bg7 3. Nf3 d6 4. Nc3 Bg4 5. Be2 Nf6 6. 0-0 0-0 7. Be3 Nc6 8. d5 Bxf3 9. gxf3 Nb8 10. Kh1 c6 11. dxc6 Nxc6 12. Qd2 Rc8 13. Rad1 a6 14. f4 Qc7 15. Bd3 Na5 16. Qe2 Nc4 17. Bc1 b5 18. Rfe1 Qb7 19. b3 Nb6 20. Nb1 Rcd8 21. f3 Nfd7 22. Rg1 Nc5 23. f5 Nbd7 24. Rg3 d5 25. Nd2 Ne5 26. Nf1 Nxf3 27. Qxf3 dxe4 28. Qg2 exd3 29. Qxb7 Nxb7 30. cxd3 Nd6 31. Ne3 Rd7 32. Rf1 Nb7 33. Ng4 Rc8 34. fxg6 hxg6 35. Rgf3 Nd6 36. h4 Rc5 37. Kg2 Rh5 38. Rh3 Nf5 39. Nh2 Bf6 40. Nf3 Rxd3 41. Rfh1 Rc3 42. Bg5 Rc2+ 43. Kf1 Rxa2 0-1

[Event "North Bay op"]
[Site "North Bay"]
[Date "1995.??.??"]
[Round "?"]
[White "Saleh, Maher"]
[Black "Johnstone, Glenn"]
[Result "1/2-1/2"]
[WhiteElo "2200"]
[BlackElo "2295"]
[PlyCount "50"]
[EventDate "1995.??.??"]
[EventType "swiss"]
[EventRounds "9"]
[EventCountry "CAN"]
[SourceTitle "EXT 2002"]
[Source "ChessBase"]
[SourceDate "2001.11.25"]
[SourceVersion "1"]
[SourceVersionDate "2001.11.25"]
[SourceQuality "1"]

1. Nf3 c5 2. g3 Nc6 3. d4 cxd4 4. Nxd4 g6 5. Bg2 Bg7 6. Nb3 Nf6 7. Nc3 0-0 8. 0-0 b6 9. Nd4 Bb7 10. Nxc6 Bxc6 11. Bxc6 dxc6 12. Qxd8 Rfxd8 13. Rd1 Rxd1+ 14. Nxd1 Rd8 15. Ne3 Ne4 16. Kf1 Rd7 17. Rb1 e6 18. f3 Nd2+ 19. Bxd2 Rxd2 20. Rd1 Rxd1+ 21. Nxd1 Kf8 22. e4 Ke7 23. Ke2 Kd6 24. Kd3 Kc5 25. c3 a5 1/2-1/2

[Event "CAN-op"]
[Site "Winnipeg"]
[Date "1994.??.??"]
[Round "5"]
[White "Ivanov, Igor Vasilievich"]
[Black "Johnstone, Glenn"]
[Result "1-0"]
[WhiteElo "2480"]
[BlackElo "2305"]
[PlyCount "49"]
[EventDate "1994.07.??"]
[EventType "swiss"]
[EventRounds "10"]
[EventCountry "CAN"]
[SourceTitle "EXT 2000"]
[Source "ChessBase"]
[SourceDate "1999.11.16"]
[SourceVersion "1"]
[SourceVersionDate "1999.11.16"]
[SourceQuality "1"]

1. d4 e6 2. c4 d5 3. Nf3 Nf6 4. Bg5 Nbd7 5. cxd5 exd5 6. e3 c6 7. Nc3 Bd6 8. Bd3 0-0 9. Qc2 h6 10. Bh4 Re8 11. 0-0-0 Nf8 12. Kb1 Bg4 13. h3 Bh5 14. g4 Bg6 15. g5 Bh5 16. gxf6 Bxf3 17. Rhg1 g5 18. Bxg5 hxg5 19. Rxg5+ Kh8 20. Rdg1 Nd7 21. Be2 Qxf6 22. Bxf3 Qxf3 23. R1g4 Qh1+ 24. Nd1 Qxh3 25. Qf5 1-0

[Event "CAN-op"]
[Site "Winnipeg"]
[Date "1994.??.??"]
[Round "10"]
[White "Johnstone, Glenn"]
[Black "Dougherty, Michael J"]
[Result "1-0"]
[WhiteElo "2310"]
[BlackElo "2215"]
[PlyCount "89"]
[EventDate "1994.07.??"]
[EventType "swiss"]
[EventRounds "10"]
[EventCountry "CAN"]
[SourceTitle "EXT 1998"]
[Source "ChessBase"]
[SourceDate "1997.11.17"]
[SourceVersion "1"]
[SourceVersionDate "1997.11.17"]
[SourceQuality "1"]

1. e4 c5 2. c3 d5 3. exd5 Qxd5 4. d4 e5 5. Nf3 Nc6 6. Nxe5 Nxe5 7. dxe5 Qxe5+ 8. Be3 Nf6 9. Nd2 Be7 10. Bb5+ Bd7 11. Qa4 a6 12. Bxd7+ Nxd7 13. Nf3 Qe6 14. 0-0 0-0 15. Rfe1 b5 16. Qc2 Qc6 17. Bf4 Rfe8 18. Rad1 Rad8 19. Qe2 Nf6 20. Qc2 Rxd1 21. Rxd1 Bf8 22. h3 g6 23. Qd2 c4 24. Be5 Bg7 25. Qd6 Qxd6 26. Rxd6 Ne4 27. Rd5 Ng5 28. Nxg5 Bxe5 29. Kf1 Bf6 30. Nf3 Rd8 31. Rxd8+ Bxd8 32. Ke2 Bb6 33. Ne5 Kg7 34. Nc6 f6 35. Nb4 a5 36. Nd5 Bd8 37. Ke3 Kf7 38. Kd4 Ke6 39. Kc5 Ke5 40. Ne3 b4 41. cxb4 Be7+ 42. Kb5 axb4 43. Kxc4 f5 44. Nd5 Bh4 45. Nxb4 1-0

[Event "CAN-op"]
[Site "Winnipeg"]
[Date "1994.??.??"]
[Round "4"]
[White "Johnstone, Glenn"]
[Black "Kaptsan, Aron"]
[Result "1-0"]
[WhiteElo "2305"]
[BlackElo "2200"]
[PlyCount "95"]
[EventDate "1994.07.??"]
[EventType "swiss"]
[EventRounds "10"]
[EventCountry "CAN"]
[SourceTitle "EXT 2000"]
[Source "ChessBase"]
[SourceDate "1999.11.16"]
[SourceVersion "1"]
[SourceVersionDate "1999.11.16"]
[SourceQuality "1"]

1. e4 e5 2. Nf3 Nc6 3. Bc4 Nf6 4. Ng5 d5 5. exd5 Na5 6. d3 h6 7. Nf3 e4 8. Qe2 Nxc4 9. dxc4 Bc5 10. Nfd2 0-0 11. Nb3 Bg4 12. Qf1 Bb4+ 13. c3 Be7 14. Be3 b5 15. h3 Bh5 16. Nd4 bxc4 17. Nc6 Qd7 18. Qxc4 Bd6 19. Nd2 Rfe8 20. Qd4 a5 21. c4 Ra6 22. 0-0 Qf5 23. f3 exf3 24. Nxf3 Re4 25. Qd2 Rxc4 26. Nfe5 Qc2 27. Nxc4 Qxc4 28. Nxa5 Qe4 29. Nb7 Nxd5 30. Nxd6 Qxe3+ 31. Qxe3 Nxe3 32. Rfe1 Nxg2 33. Kxg2 Rxd6 34. b4 Rd2+ 35. Kg1 Bf3 36. a4 Rg2+ 37. Kf1 Rh2 38. Rac1 Ra2 39. a5 Rb2 40. a6 Rxb4 41. a7 Rb3 42. h4 Kh7 43. Kf2 Bd5 44. Re5 Rb2+ 45. Kg3 Rb3+ 46. Kh2 Rb2+ 47. Kg1 Bg2 48. Rxc7 1-0

[Event "US Open-93"]
[Site "Dearborn"]
[Date "1992.??.??"]
[Round "6"]
[White "Johnstone, Glenn"]
[Black "Comp Socrates"]
[Result "1-0"]
[WhiteElo "2300"]
[BlackElo "2260"]
[PlyCount "111"]
[EventDate "1992.08.02"]
[EventType "swiss"]
[EventRounds "12"]
[EventCountry "USA"]
[SourceTitle "EXT 1997"]
[Source "ChessBase"]
[SourceDate "1996.11.15"]
[SourceVersion "1"]
[SourceVersionDate "1996.11.15"]
[SourceQuality "1"]

1. Nf3 d5 2. g3 Nf6 3. Bg2 c6 4. 0-0 Bf5 5. b3 e6 6. Bb2 Bd6 7. c4 0-0 8. Nc3 h6 9. d3 Nbd7 10. e4 Bg4 11. h3 Bh5 12. Re1 d4 13. Ne2 e5 14. g4 Bg6 15. Nh4 Bh7 16. Nf5 Bxf5 17. exf5 Re8 18. Ng3 Qc7 19. Be4 Bb4 20. Re2 Nxe4 21. Nxe4 Rad8 22. f3 c5 23. Qc1 Qc6 24. Rh2 Ba5 25. Kh1 Nf6 26. Qc2 Rd7 27. Rg1 Red8 28. Bc1 Bc7 29. Qg2 Nxe4 30. fxe4 f6 31. h4 Kf7 32. g5 fxg5 33. hxg5 h5 34. Rxh5 Rf8 35. Rh7 Ke8 36. Rf1 Kd8 37. Kg1 Qa6 38. Qe2 Kc8 39. Rf3 Kb8 40. Rfh3 Ka8 41. Rh8 Rxh8 42. Rxh8+ Bb8 43. Kf1 Qa5 44. Rg8 Qc7 45. Qh2 Rd8 46. Rxd8 Qxd8 47. Bd2 Bd6 48. Qh7 Bf8 49. Ke2 Kb8 50. Kf3 Qe7 51. Qg8 Qe8 52. Kg4 Kc7 53. Be1 Kb6 54. Bg3 Ka5 55. a3 Ka6 56. Qe6+ 1-0

[Event "US Open-93"]
[Site "Dearborn"]
[Date "1992.??.??"]
[Round "10"]
[White "Johnstone, Glenn"]
[Black "Strauss, David J"]
[Result "1/2-1/2"]
[WhiteElo "2300"]
[BlackElo "2395"]
[PlyCount "42"]
[EventDate "1992.08.02"]
[EventType "swiss"]
[EventRounds "12"]
[EventCountry "USA"]
[SourceTitle "EXT 1997"]
[Source "ChessBase"]
[SourceDate "1996.11.15"]
[SourceVersion "1"]
[SourceVersionDate "1996.11.15"]
[SourceQuality "1"]

1. e4 c5 2. c3 Nf6 3. e5 Nd5 4. Nf3 d6 5. d4 cxd4 6. Qxd4 e6 7. exd6 Qxd6 8. Nbd2 Nc6 9. Bb5 Bd7 10. Bxc6 Bxc6 11. Ne5 Nb4 12. Qxd6 Bxd6 13. Nxc6 Nxc6 14. Nc4 Be7 15. Bd2 0-0-0 16. Ke2 e5 17. Rad1 f5 18. f3 Kd7 19. Be3+ Ke6 20. Rxd8 Rxd8 21. Rd1 Rxd1 1/2-1/2

[Event "US Open-93"]
[Site "Dearborn"]
[Date "1992.??.??"]
[Round "11"]
[White "Lein, Anatoly"]
[Black "Johnstone, Glenn"]
[Result "1-0"]
[WhiteElo "2455"]
[BlackElo "2300"]
[PlyCount "95"]
[EventDate "1992.08.02"]
[EventType "swiss"]
[EventRounds "12"]
[EventCountry "USA"]
[SourceTitle "EXT 1997"]
[Source "ChessBase"]
[SourceDate "1996.11.15"]
[SourceVersion "1"]
[SourceVersionDate "1996.11.15"]
[SourceQuality "1"]

1. d4 e6 2. c4 d5 3. Nf3 Nf6 4. Nc3 Nbd7 5. Bg5 Be7 6. e3 0-0 7. Qc2 Re8 8. Rd1 c6 9. Bd3 Nf8 10. 0-0 dxc4 11. Bxc4 Nd5 12. Bxe7 Qxe7 13. Ne4 b6 14. a3 Bb7 15. Rc1 Rac8 16. Be2 f6 17. Rfd1 Rc7 18. Nfd2 Rd8 19. b4 Kh8 20. Bf3 Rcd7 21. Nc4 Qe8 22. Re1 Ba8 23. Qe2 g6 24. g3 Kg7 25. Bg2 h5 26. Ned2 Nh7 27. Nf3 Nc7 28. h4 Qe7 29. Qb2 Na6 30. e4 c5 31. bxc5 bxc5 32. d5 Qf7 33. Ng5 Nxg5 34. hxg5 exd5 35. exd5 Kg8 36. Re6 Bxd5 37. Bxd5 Rxd5 38. Rxa6 Rxg5 39. Qxf6 Qxf6 40. Rxf6 Kg7 41. Rd6 Rf8 42. Rd7+ Kg8 43. Ne3 Re5 44. Rc7 a6 45. R1xc5 Re6 46. R5c6 Rff6 47. Rxe6 Rxe6 48. Ra7 1-0

[Event "Vancouver Keres Memorial 14th"]
[Site "Vancouver"]
[Date "1989.05.22"]
[Round "7"]
[White "Donaldson, John W"]
[Black "Johnstone, Glenn"]
[Result "1-0"]
[WhiteElo "2395"]
[BlackElo "2320"]
[PlyCount "55"]
[EventDate "1989.05.19"]
[EventType "swiss"]
[EventRounds "7"]
[EventCountry "CAN"]
[SourceTitle "EXT 2022"]
[Source "ChessBase"]
[SourceDate "2021.10.06"]
[SourceVersion "1"]
[SourceVersionDate "2021.10.06"]
[SourceQuality "1"]

1. Nf3 c5 2. c4 d6 3. Nc3 b6 4. e3 Nf6 5. d4 cxd4 6. exd4 e6 7. Bd3 Bb7 8. 0-0 Be7 9. Re1 0-0 10. b3 Nbd7 11. Bb2 Re8 12. d5 exd5 13. cxd5 Nxd5 14. Nxd5 Bxd5 15. Bxh7+ Kxh7 16. Qxd5 Bf6 17. Rxe8 Qxe8 18. Re1 Ne5 19. Nd4 Qf8 20. Nf5 Re8 21. Rd1 Nf3+ 22. Qxf3 Bxb2 23. g3 Ba3 24. Rd4 Bc1 25. Nxd6 Rd8 26. Rb4 Bh6 27. Nxf7 Rd7 28. Qf5+ 1-0

[Event "NWC June op"]
[Site "Seattle"]
[Date "1989.??.??"]
[Round "?"]
[White "Vetemaa, Juri"]
[Black "Johnstone, Glenn"]
[Result "1-0"]
[WhiteElo "2405"]
[BlackElo "2320"]
[PlyCount "93"]
[EventDate "1989.06.??"]
[EventType "swiss"]
[EventRounds "5"]
[EventCountry "USA"]
[SourceTitle "EXT 2004"]
[Source "ChessBase"]
[SourceDate "2003.11.25"]
[SourceVersion "1"]
[SourceVersionDate "2003.11.25"]
[SourceQuality "1"]

1. e4 e5 2. Nf3 Nc6 3. Bb5 a6 4. Ba4 Nf6 5. d4 Nxe4 6. Qe2 f5 7. dxe5 Be7 8. Bb3 d5 9. exd6 Qxd6 10. Nbd2 Nc5 11. 0-0 Bd7 12. Re1 Nxb3 13. axb3 0-0-0 14. Nc4 Qg6 15. Bf4 Bc5 16. Nfe5 Qe6 17. c3 Rhe8 18. Bg5 Nxe5 19. Nxe5 Be7 20. Bxe7 Qxe7 21. Rxa6 Kb8 22. Rea1 c6 23. Ra8+ Kc7 24. Rxd8 Kxd8 25. f4 Kc7 26. Qf2 Be6 27. Qa7 Bxb3 28. Qa5+ Kb8 29. c4 Bc2 30. Rc1 Be4 31. Rd1 b6 32. Qxb6+ Qb7 33. Qxb7+ Kxb7 34. Rd7+ Kb6 35. Rxg7 Kc5 36. Rxh7 Kd4 37. Kf2 Rg8 38. g3 Ra8 39. Rd7+ Kc5 40. Ke3 Ra1 41. Rd2 Ra7 42. g4 Rh7 43. Re2 Rh3+ 44. Kd2 Kd4 45. g5 c5 46. g6 Rb3 47. Kc1 1-0

[Event "Saint John op-2"]
[Site "Saint John"]
[Date "1988.??.??"]
[Round "?"]
[White "Johnstone, Glenn"]
[Black "Ball, Stephen"]
[Result "0-1"]
[WhiteElo "2350"]
[BlackElo "2230"]
[PlyCount "116"]
[EventDate "1988.02.08"]
[EventType "swiss"]
[EventRounds "9"]
[EventCountry "CAN"]
[SourceTitle "CBM 006"]
[Source "ChessBase"]
[SourceDate "1988.10.01"]
[SourceVersion "1"]
[SourceVersionDate "1988.10.01"]
[SourceQuality "1"]

1. e4 e6 2. d4 d5 3. Nc3 b6 4. Nf3 Bb4 5. e5 Qd7 6. Bd2 Ba6 7. Ne2 Bf8 8. a4 Ne7 9. h4 h5 10. g3 c5 11. c3 Nbc6 12. b4 Bc4 13. Bh3 Ng6 14. b5 Na5 15. 0-0 Bxe2 16. Qxe2 c4 17. Be3 Ne7 18. Nd2 g6 19. Bg5 Bh6 20. Bf6 Bxd2 21. Bxh8 Bxc3 22. Rad1 Nb3 23. Qe3 Bb2 24. Rfe1 a6 25. Re2 Bxd4 26. Rxd4 Nxd4 27. Qxd4 axb5 28. Bf6 Qc6 29. axb5 Qc5 30. Qf4 c3 31. Re1 d4 32. Bxe7 Kxe7 33. Bg2 Rc8 34. Bc6 Kf8 35. Qf6 Kg8 36. Ra1 c2 37. Qf4 d3 38. Qd2 Qxe5 39. Re1 Qd6 40. Re3 Rd8 41. Kh2 Qc5 42. Re1 e5 43. Kg2 Kg7 44. f4 exf4 45. gxf4 Rd4 46. Kg3 Qf5 47. Bf3 Rxf4 48. Qxf4 Qxf4+ 49. Kxf4 d2 50. Rd1 c1Q 51. Ke3 Qc3+ 52. Ke2 Qc4+ 53. Kxd2 Qxb5 54. Rh1 Qb2+ 55. Kd3 Qb3+ 56. Ke2 Qc2+ 57. Ke3 f5 58. Rd1 Qh2 0-1

[Event "Saint John op-2"]
[Site "Saint John"]
[Date "1988.??.??"]
[Round "?"]
[White "Johnstone, Glenn"]
[Black "Foisor, Ovidiu Doru"]
[Result "0-1"]
[WhiteElo "2350"]
[BlackElo "2495"]
[PlyCount "66"]
[EventDate "1988.02.08"]
[EventType "swiss"]
[EventRounds "9"]
[EventCountry "CAN"]
[SourceTitle "CBM 006"]
[Source "ChessBase"]
[SourceDate "1988.10.01"]
[SourceVersion "1"]
[SourceVersionDate "1988.10.01"]
[SourceQuality "1"]

1. e4 e6 2. d4 d5 3. Nc3 Bb4 4. e5 c5 5. a3 Ba5 6. Qg4 Ne7 7. Qxg7 Rg8 8. Qxh7 cxd4 9. b4 dxc3 10. bxa5 Nbc6 11. f4 Qxa5 12. Rb1 Nd4 13. Ne2 Nxe2 14. Bxe2 Rxg2 15. Kf1 Rg8 16. Rg1 Rxg1+ 17. Kxg1 Qc5+ 18. Kf1 a6 19. Bh5 Nf5 20. Bxf7+ Kd8 21. Bh5 b5 22. Bg4 Ra7 23. Qg8+ Kc7 24. Bxf5 exf5 25. Qg3 d4 26. Qd3 Be6 27. Ke1 Kb6 28. a4 b4 29. a5+ Kxa5 30. Qh3 Kb5 31. Qh8 a5 32. Qe8+ Qc6 33. Qf8 Rh7 0-1

[Event "Saint John op-2"]
[Site "Saint John"]
[Date "1988.??.??"]
[Round "?"]
[White "Salman, Nachum"]
[Black "Johnstone, Glenn"]
[Result "1-0"]
[WhiteElo "2215"]
[BlackElo "2350"]
[PlyCount "63"]
[EventDate "1988.02.08"]
[EventType "swiss"]
[EventRounds "9"]
[EventCountry "CAN"]
[SourceTitle "CBM 006"]
[Source "ChessBase"]
[SourceDate "1988.10.01"]
[SourceVersion "1"]
[SourceVersionDate "1988.10.01"]
[SourceQuality "1"]

1. d4 e6 2. Nf3 c5 3. e3 b6 4. Bd3 Bb7 5. 0-0 Nf6 6. Nbd2 d5 7. c3 Nbd7 8. Qe2 Be7 9. e4 0-0 10. e5 Ne8 11. Re1 g6 12. Nf1 c4 13. Bc2 h5 14. Bh6 Ng7 15. h3 Re8 16. Qd2 b5 17. g4 h4 18. N1h2 Nf8 19. Bg5 Bxg5 20. Nxg5 Qe7 21. f4 a5 22. Nhf3 b4 23. Nxh4 Bc6 24. Rf1 Bd7 25. f5 bxc3 26. bxc3 exf5 27. gxf5 f6 28. exf6 Qxf6 29. fxg6 Qd6 30. Rf3 Rab8 31. Nf7 Re2 32. Qxe2 1-0

[Event "Canadian op"]
[Site "Winnipeg"]
[Date "1986.07.17"]
[Round "7"]
[White "Johnstone, Glenn"]
[Black "Olafsson, Helgi"]
[Result "0-1"]
[WhiteElo "2294"]
[BlackElo "2560"]
[PlyCount "132"]
[EventDate "1986.07.12"]
[EventType "swiss"]
[EventRounds "10"]
[EventCountry "CAN"]
[SourceTitle "EXT 2022"]
[Source "ChessBase"]
[SourceDate "2021.10.06"]
[SourceVersion "1"]
[SourceVersionDate "2021.10.06"]
[SourceQuality "1"]

1. e4 c5 2. c3 d6 3. d4 Nf6 4. dxc5 Nc6 5. cxd6 Nxe4 6. dxe7 Qxd1+ 7. Kxd1 Bxe7 8. Be3 Bf5 9. Nf3 0-0-0+ 10. Ke1 Bc5 11. Bb5 Rhe8 12. Bxc6 bxc6 13. Nd4 Nxc3 14. bxc3 Rxd4 15. cxd4 Bxd4 16. Kd2 Bxa1 17. Bxa7 Kb7 18. Be3 Ra8 19. a3 Bb2 20. Ke2 Rd8 21. Nd2 Bd3+ 22. Kf3 Bxa3 23. Ra1 Ra8 24. Nb3 Bc4 25. Nc5+ Bxc5 26. Rb1+ Kc8 27. Bxc5 Ra5 28. Bd4 Ra3+ 29. Kf4 f6 30. h4 h6 31. Re1 Ra4 32. Ke3 Bd5 33. g3 Kd7 34. Bc5 Ke6 35. Kd3+ Kf5 36. Re7 g5 37. hxg5 fxg5 38. Rh7 Kg6 39. Rh8 h5 40. Bd4 Be6 41. Be3 h4 42. gxh4 gxh4 43. Rh6+ Kf7 44. Bg5 Bf5+ 45. Ke3 h3 46. Rxc6 h2 47. Rc1 Re4+ 48. Kd2 Rg4 49. Rh1 Rxg5 50. Rxh2 Rg4 51. Ke3 Re4+ 52. Kf3 Ra4 53. Kg3 Ra3+ 54. f3 Be4 55. Rh8 Rxf3+ 56. Kh2 Bd5 57. Rd8 Rf5 58. Kg3 Rf3+ 59. Kh2 Rd3 60. Rd7+ Kf6 61. Rd6+ Kf5 62. Rd7 Kf4 63. Rd6 Rd2+ 64. Kg1 Ke3 65. Rf6 Rg2+ 66. Kf1 Rg4 0-1